| 000 | 02633cam a22004454a 4500 | ||
|---|---|---|---|
| 001 | 16301793 | ||
| 005 | 20110423162414.0 | ||
| 008 | 100618s2011 moua b 001 0 eng | ||
| 010 | _a 2010026203 | ||
| 016 | 7 |
_a101533727 _2DNLM |
|
| 020 | _a0323069126 (hc : alk. paper) | ||
| 020 | _a9780323069120 (hc : alk. paper) | ||
| 035 | _a(OCoLC)ocn644149977 | ||
| 040 |
_aDNLM/DLC _cDLC _dYDX _dNLM _dYDXCP _dDND _dCDX _dGZW _dDLC |
||
| 042 | _apcc | ||
| 050 | 0 | 0 |
_aRJ245 _b.W47 2011 |
| 060 | 0 | 0 | _a2010 M-172 |
| 060 | 1 | 0 | _aWY 159 W87288 2011 |
| 082 | 0 | 0 |
_a618.9200231 _222 _bWON |
| 245 | 0 | 0 |
_aWong's Nursing Care of Infants and Children / _c[edited by] Marilyn J. Hockenberry, David Wilson. |
| 246 | 1 | 3 | _aNursing care of infants and children |
| 250 | _a9th ed. | ||
| 260 |
_aSt. Louis, Mo. : _bMosby/Elsevier, _cc2011. |
||
| 300 |
_axxix, 1809 p. : _bill. (chiefly col.) ; _c29 cm. |
||
| 504 | _aIncludes bibliographical references and index. | ||
| 505 | 0 | _aChildren, their families, and the nurse -- Assessment of the child and family -- Family-centered care of the newborn -- Family-centered care of the infant -- Family-centered care of the young child -- Family-centered care of the school-age child -- Family-centered care of the adolescent -- Family-centered care of the child with special needs -- The child who is hospitalized -- The child with disturbance of fluid and electrolytes -- The child with problems related to the transfer of oxygen and nutrients -- The child with problems related to production and circulation of blood -- The child with disturbance of regulatory mechanisms -- The child with a problem that interferes with physical mobility. | |
| 650 | 0 |
_aPediatric nursing. _929383 |
|
| 650 | 1 | 2 |
_aPediatric Nursing. _929384 |
| 650 | 2 | 2 |
_aChild Care. _929385 |
| 650 | 2 | 2 |
_aInfant Care. _929386 |
| 653 |
_bNUR _cMarch2012 |
||
| 700 | 1 |
_aWong, Donna L., _d1948-2008. _929387 |
|
| 700 | 1 |
_aHockenberry, Marilyn J. _929388 |
|
| 700 | 1 |
_aWilson, David, _d1950 Aug. 25- _929389 |
|
| 856 |
_3To access your student resources, visit _uhttp://evolve.elsevier.com/wong/ncic/ |
||
| 942 |
_2ddc _cNRNB |
||
| 999 |
_c16584 _d16584 |
||